[Event "SWE-chT 0607"]
[Site "Sweden"]
[Date "2006.11.19"]
[Round "5"]
[White "Riis, Jens"]
[Black "Lofgren, Pontus"]
[Result "1-0"]
[WhiteElo "2291"]
[BlackElo "1764"]
[PlyCount "93"]
[EventDate "2006.10.20"]
[EventType "team"]
[EventRounds "11"]
[EventCountry "SWE"]
[SourceTitle "EXT 2009"]
[Source "ChessBase"]
[SourceDate "2008.11.26"]
[SourceVersion "1"]
[SourceVersionDate "2008.11.26"]
[SourceQuality "1"]
[WhiteTeam "Lund"]
[BlackTeam "Skara"]
[WhiteTeamCountry "SWE"]
[BlackTeamCountry "SWE"]

1. d4 Nf6 2. Nf3 c5 3. c3 g6 4. Bf4 Bg7 5. e3 0-0 6. Nbd2 cxd4 7. exd4 d6 8. Bc4 Bf5 9. 0-0 a6 10. Re1 b5 11. Bb3 Nbd7 12. a4 b4 13. cxb4 Nb6 14. Bg5 Ra7 15. Nc4 Nbd5 16. b5 axb5 17. axb5 Qb8 18. Rxa7 Qxa7 19. Ne3 Be4 20. Nxd5 Bxd5 21. Bxd5 Nxd5 22. Qd2 Rb8 23. Rc1 Qa4 24. Qd3 h6 25. Bd2 Rxb5 26. Qa3 Qb3 27. Qxb3 Rxb3 28. Bc3 Nf4 29. Kf1 h5 30. Bd2 Nd5 31. Rc8+ Kh7 32. Ng5+ Kh6 33. Nxf7+ Kh7 34. Ng5+ Kh6 35. Bc1 Bf6 36. Nf3+ Kg7 37. Rc2 Rb4 38. Bd2 Ra4 39. Ke2 Kf7 40. g3 Bxd4 41. b3 Ra6 42. Nxd4 Rb6 43. Rb2 e5 44. Nc2 Ke6 45. b4 Nf6 46. b5 d5 47. f4 1-0

[Event "Hallstahammar op"]
[Site "Hallstahammar"]
[Date "2004.09.11"]
[Round "5"]
[White "Vaarala, Eric"]
[Black "Lofgren, Pontus"]
[Result "0-1"]
[WhiteElo "1383"]
[BlackElo "1600"]
[PlyCount "70"]
[EventDate "2004.09.10"]
[EventType "swiss"]
[EventRounds "8"]
[EventCountry "SWE"]
[SourceTitle "EXT 2005"]
[Source "ChessBase"]
[SourceDate "2004.11.15"]
[SourceVersion "1"]
[SourceVersionDate "2004.11.15"]
[SourceQuality "1"]

1. e4 Nf6 2. e5 Nd5 3. Nf3 d6 4. c4 Nb6 5. exd6 cxd6 6. d4 g6 7. Nc3 Bg7 8. Be3 0-0 9. Be2 Nc6 10. 0-0 Bg4 11. d5 Bxf3 12. Bxf3 Ne5 13. Bxb6 Qxb6 14. b3 Rac8 15. Rc1 Rc7 16. Be2 a6 17. Kh1 Rfc8 18. f4 Nd7 19. Na4 Qa7 20. f5 b5 21. Nc3 bxc4 22. bxc4 Ne5 23. Ne4 Nxc4 24. Qb3 Ne3 25. Rxc7 Rxc7 26. Rb1 Nxf5 27. Qb8+ Qxb8 28. Rxb8+ Bf8 29. h3 Rc2 30. Bxa6 Rxa2 31. Bc4 Ra4 32. Bd3 Rd4 33. Bc2 Rxd5 34. Bb3 Re5 35. Ng5 Ng3+ 0-1